Accelerate : Building strategic agility for a faster moving world
Accelerate (XLR8) vividly illustrates the five core principles underlying the new network system, the eight Accelerators that drive it, and how leaders must create urgency in others through role modeling. And perhaps most crucial, the book reveals how the best companies focus and align their people’...
Guardado en:
| Autor principal: | |
|---|---|
| Formato: | Libro |
| Lenguaje: | Undetermined |
| Publicado: |
Boston, Massachusetts
Harvard Business Review Press
2014
|
| Materias: | |
| Etiquetas: |
Agregar Etiqueta
Sin Etiquetas, Sea el primero en etiquetar este registro!
|
| Thư viện lưu trữ: | Trung tâm Học liệu Trường Đại học Cần Thơ |
|---|
| LEADER | 00975nam a2200205Ia 4500 | ||
|---|---|---|---|
| 001 | CTU_231261 | ||
| 008 | 210402s9999 xx 000 0 und d | ||
| 082 | |a 658.4012 | ||
| 082 | |b K87 | ||
| 100 | |a Kotter, John P. | ||
| 245 | 0 | |a Accelerate : | |
| 245 | 0 | |b Building strategic agility for a faster moving world | |
| 245 | 0 | |c John P. Kotter | |
| 260 | |a Boston, Massachusetts | ||
| 260 | |b Harvard Business Review Press | ||
| 260 | |c 2014 | ||
| 520 | |a Accelerate (XLR8) vividly illustrates the five core principles underlying the new network system, the eight Accelerators that drive it, and how leaders must create urgency in others through role modeling. And perhaps most crucial, the book reveals how the best companies focus and align their people’s energy and urgency around what Kotter calls the big opportunity. | ||
| 650 | |a Kế hoạch chiến lược,Strategic planning | ||
| 910 | |b dqhieu | ||
| 980 | |a Trung tâm Học liệu Trường Đại học Cần Thơ | ||